Land evaluation for land evaluation for land-use planning and conservation in sloping area, The Netherlands, 17-21 December 1984

Bibliographic Details
Corporate Author: INTERNATIONAL Workshop on Land Evaluation for Land-use Planning and Conservation in Sloping Areas
Other Authors: Siderius
Format: Book
Published: Wageningen, The Netherlands : International Institute for Land Reclamation and Improvement , 1986
Subjects:

MARC

LEADER 00000cam a2200000 7i4500
001 0000002733
005 20031230.0
020 0 0 |a 9070260999 
090 0 0 |a 333.7316   |b INT 1986 
110 1 0 |a INTERNATIONAL Workshop on Land Evaluation for Land-use Planning and Conservation in Sloping Areas   |k 1984   |j The Netherlands 
245 1 0 |a Land evaluation for land evaluation for land-use planning and conservation in sloping area, The Netherlands, 17-21 December 1984   |c edited by W. Siderius 
260 0 0 |a Wageningen, The Netherlands :   |b International Institute for Land Reclamation and Improvement ,   |c 1986 
300 |a 334 p. :   |b ill. ;   |c 25 cm. 
500 0 0 |a Includes bibliographical references 
650 0 0 |a Land use   |x Planning   |x Congresses 
650 0 0 |a Landscape protection   |x Congresses 
700 0 1 |a Siderius   |h W. 
998 |a JPSM 
999 |a 0000004446   |b Monograph   |c Open Shelf   |e Default branch